Número cero /

Guardado en:
Autor Principal: Eco, Umberto
Otros Autores: Lozano Miralles, Helena, trad.
Formato: Libro
Publicado: Buenos Aires : Lumen, 2015
Series:Narrativa
Materias:
Etiquetas: Agregar Etiqueta
Sin Etiquetas, Sea el primero en etiquetar este registro!
LEADER 00701nam a22002415a 4500
001 CEM.cems014982
005 20190405044114.0
008 130507s2015##################000#0#####d
003 CEMS
020 |a 9788426402042 
082 0 4 |a 853.9 
100 1 |a Eco, Umberto 
245 1 0 |a Número cero /  |c Umberto Eco ; traducción de Helena Lozano Miralles 
260 |a Buenos Aires :  |b Lumen,  |c 2015 
300 |a 219 p. 
490 0 |a Narrativa 
500 |a Título original: Numero Zero 
653 |a Literatura 
653 |a Literatura italiana 
653 |a Novelas 
653 |a Novelas italiana 
700 1 |a Lozano Miralles, Helena, trad. 
859 |a CEMS  |b BIB. CEMS - 11 de abril  |h 853.9  |i Ec71-7  |p 27817.19  |t Ej.1